Vista normal
Vista MARC
Entrada Materia (personas)
Número de registros utilizados en: 1
001 - CONTROL NUMBER
- control field: 68376
003 - CONTROL NUMBER IDENTIFIER
- control field: Co-BoUCM
005 - DATE AND TIME OF LATEST TRANSACTION
- control field: 20150415074305.0
008 - FIXED-LENGTH DATA ELEMENTS
- fixed length control field: 150415|| aca||aabn | a|a d
040 ## - CATALOGING SOURCE
- Original cataloging agency: Co-BoUCM
- Transcribing agency: Co-BoUCM
100 ## - HEADING--PERSONAL NAME
- Personal name: Shoemaker, Pamela J.
670 ## - SOURCE DATA FOUND
- Source citation: Work cat.: (Co-BoUCM)298853: Communication campaigns about drugs, 1989